[Event "SR 4. liga A21 2008/2009"]
[Site "?"]
[Date "2008.10.12"]
[Round "1.6"]
[White "Pisecky, Jan"]
[Black "Bjel, Jan"]
[Result "0-1"]
[WhiteElo "1546"]
[BlackElo "1703"]
[PlyCount "104"]
[EventDate "2008.??.??"]

1. e4 e5 2. Bc4 d6 3. Nf3 Be7 4. Nc3 Nf6 5. h3 O-O 6. d3 Nc6 7. a3 Nd4 8. Be3
c5 9. Nd5 Nxd5 10. Bxd5 Kh8 11. c3 Ne6 12. Qb3 Qe8 13. Qd1 Nc7 14. Ba2 f5 15.
Bg5 Bxg5 16. Nxg5 Qg6 17. h4 h6 18. g3 Ne6 19. Nxe6 Bxe6 20. Bxe6 Qxe6 21. exf5
Rxf5 22. Qe2 Raf8 23. f4 Qg6 24. O-O-O Qxg3 25. fxe5 Rf2 26. Qe4 Qxe5 27. Rde1
Qxe4 28. Rxe4 Rg2 29. Re7 b6 30. Kb1 Rff2 31. Rxa7 Rxb2+ 32. Kc1 Rb3 33. Re1
Rxc3+ 34. Kb1 Rxd3 35. a4 Rb3+ 36. Kc1 Ra3 37. Kb1 Rh3 38. Ra6 Rxh4 39. Rxb6
Rxa4 40. Rxd6 Rd4 41. Rc6 c4 42. Kc1 Kh7 43. Re7 Rf4 44. Re1 h5 45. Rh1 h4 46.
Rc5 Kh6 47. Rc8 Rfg4 48. Rh8+ Kg5 49. Rg8 Rg1+ 50. Rxg1 Rxg1+ 51. Kd2 g6 52.
Kc3 h3 0-1

[Event "SR 4. liga A21 2008/2009"]
[Site "?"]
[Date "2008.10.26"]
[Round "2.1"]
[White "Cerovsky, Marian"]
[Black "Nemeckay, Rastislav"]
[Result "1/2-1/2"]
[WhiteElo "1805"]
[BlackElo "1749"]
[PlyCount "164"]
[EventDate "2008.??.??"]

1. e4 e5 2. Nf3 Nf6 3. Nc3 Nc6 4. Bc4 Bc5 5. h3 d6 6. a3 Be6 7. Bxe6 fxe6 8. d3
O-O 9. Na4 Bb6 10. Nxb6 axb6 11. O-O Qe8 12. c3 Ne7 13. Nh2 Nh5 14. Qg4 Qg6 15.
Bg5 Nc6 16. Be3 Qxg4 17. Nxg4 Nf4 18. Rad1 h5 19. Nh2 Rf6 20. Bxf4 Rxf4 21. g3
Rf6 22. Rd2 Raf8 23. f3 g5 24. Rg2 Kh7 25. Rgf2 Ne7 26. d4 Ng6 27. dxe5 Nxe5
28. Kg2 Ng6 29. Rd2 e5 30. Rff2 Kg8 31. Nf1 h4 32. g4 R8f7 33. a4 Nf4+ 34. Kh2
Ne6 35. Kg2 Nc5 36. Ne3 Nxa4 37. Nf5 Rd7 38. Rf1 Rf8 39. Ra1 Nc5 40. Ra7 Rb8
41. b4 Ne6 42. Rda2 Kf7 43. Ne3 Nf4+ 44. Kh2 Ke6 45. c4 c6 46. Ra8 Rdd8 47.
Rxb8 Rxb8 48. Ra7 d5 49. cxd5+ cxd5 50. exd5+ Nxd5 51. Nxd5 Kxd5 52. Ra1 Rc8
53. Rd1+ Ke6 54. Rb1 Rc2+ 55. Kg1 Rc4 56. Kf2 Kd5 57. Rd1+ Rd4 58. Rc1 Rxb4 59.
Rc7 e4 60. fxe4+ Kxe4 61. Re7+ Kd4 62. Rd7+ Kc4 63. Rxb7 Kd3 64. Rd7+ Rd4 65.
Rb7 Rd6 66. Rb8 Rc6 67. Rd8+ Kc4 68. Ke3 Re6+ 69. Kd2 Re5 70. Rc8+ Kb4 71. Kd3
Rc5 72. Rf8 Rc3+ 73. Ke4 Rxh3 74. Rf5 Rc3 75. Rxg5 Rc4+ 76. Kf3 b5 77. Rh5 Rc3+
78. Kf4 h3 79. g5 Ka4 80. g6 Rc8 81. Rxh3 b4 82. Kf5 b3 1/2-1/2

[Event "SR 4. liga A21 2008/2009"]
[Site "?"]
[Date "2008.10.26"]
[Round "2.1"]
[White "Dubecky, Ladislav"]
[Black "Tokoly, Daniel"]
[Result "1/2-1/2"]
[WhiteElo "1494"]
[BlackElo "1549"]
[PlyCount "57"]
[EventDate "2008.??.??"]

1. e4 e5 2. f4 exf4 3. Nf3 Bc5 4. d4 Bb6 5. Bxf4 d6 6. Bc4 Be6 7. Bd3 Nf6 8.
O-O O-O 9. c3 Qc8 10. Kh1 Bg4 11. Qc2 Nh5 12. Be3 Nc6 13. Na3 f5 14. Nc4 fxe4
15. Bxe4 Bf5 16. Qb3 Kh8 17. Bd5 Bd3 18. Rf2 Ne7 19. Nxb6 axb6 20. Be6 Qe8 21.
d5 Nf5 22. c4 Qg6 23. Bxf5 Bxf5 24. Nh4 Qg4 25. Nxf5 Rxf5 26. Rxf5 Qxf5 27. a3
Qe5 28. Rf1 Nf6 29. Bg1 1/2-1/2

[Event "SR 4. liga A21 2008/2009"]
[Site "?"]
[Date "2008.10.26"]
[Round "2.1"]
[White "Nemeckayova, Monika"]
[Black "Damborsky, Pavol"]
[Result "0-1"]
[WhiteElo "1505"]
[BlackElo "1664"]
[PlyCount "42"]
[EventDate "2008.??.??"]

1. e4 e5 2. Nf3 Nc6 3. Bc4 d6 4. d4 exd4 5. Nxd4 Nxd4 6. Qxd4 Nf6 7. Nc3 Be7 8.
Be3 O-O 9. O-O-O a6 10. h4 c5 11. Qd2 b5 12. Bd5 Rb8 13. h5 b4 14. Ne2 Nxd5 15.
exd5 Bf6 16. Kb1 Bd7 17. Rdg1 c4 18. Qc1 Qa5 19. Nd4 b3 20. axb3 cxb3 21. Nxb3
Rxb3 0-1

[Event "SR 4. liga A21 2008/2009"]
[Site "?"]
[Date "2008.10.26"]
[Round "2.1"]
[White "Ocko, Martin"]
[Black "Sprusansky, Ferdinand"]
[Result "0-1"]
[WhiteElo "1438"]
[BlackElo "1449"]
[PlyCount "42"]
[EventDate "2008.??.??"]

1. e4 e5 2. Nf3 Nc6 3. Bb5 a6 4. Ba4 Nf6 5. O-O Nxe4 6. Re1 d5 7. d3 Nc5 8.
Nxe5 Ne6 9. Nxc6 bxc6 10. Bxc6+ Bd7 11. Bxa8 Qxa8 12. Bd2 d4 13. c3 c5 14. Qc2
Bd6 15. cxd4 cxd4 16. Qc4 O-O 17. Bb4 Nf4 18. Re4 Rc8 19. Qxd4 Rc1+ 20. Be1
Rxe1+ 21. Rxe1 Qxg2# 0-1

[Event "SR 4. liga A21 2008/2009"]
[Site "?"]
[Date "2008.10.26"]
[Round "2.1"]
[White "Pagerka, Slavomir"]
[Black "Kovarik, Oto"]
[Result "1-0"]
[WhiteElo "1848"]
[BlackElo "2052"]
[PlyCount "119"]
[EventDate "2008.??.??"]

1. e4 c5 2. Nf3 d6 3. d4 cxd4 4. Nxd4 Nf6 5. Nc3 e6 6. Be2 Be7 7. O-O O-O 8.
Be3 a6 9. a3 Qc7 10. f4 Nbd7 11. Nb3 b5 12. Bf3 Bb7 13. Qe2 Rac8 14. Rfd1 Rfd8
15. Rd2 Nb6 16. Na5 Ba8 17. Rad1 d5 18. e5 Nfd7 19. Bd4 Nc5 20. b4 Nb7 21. Qf2
Nd7 22. Nxb7 Bxb7 23. Be2 f5 24. g4 g6 25. h3 Rf8 26. Na2 Rf7 27. g5 h6 28. h4
hxg5 29. hxg5 Rh7 30. Kg2 Kg7 31. Rh1 Rxh1 32. Kxh1 Rh8+ 33. Kg2 Qd8 34. Rd1
Bxg5 35. fxg5 Qxg5+ 36. Qg3 Qxg3+ 37. Kxg3 g5 38. c3 Nf8 39. Nc1 g4 40. Kg2 Ng6
41. Nd3 Rh3 42. Rh1 Nh4+ 43. Kg1 Nf3+ 44. Bxf3 Rxf3 45. Nc5 Bc8 46. Kg2 Rf4 47.
Rf1 Rxf1 48. Kxf1 Kg6 49. Be3 Kh5 50. Kg2 Kh4 51. Bf4 Kh5 52. Kg3 Kg6 53. Kh4
Kg7 54. Kg5 Kf7 55. Kh6 Kf8 56. Kg6 Ke7 57. Kg7 Kd8 58. Kf7 Kc7 59. Nxe6+ Kc6
60. Nd4+ 1-0

[Event "SR 4. liga A21 2008/2009"]
[Site "?"]
[Date "2008.10.26"]
[Round "2.2"]
[White "Bjel, Jan"]
[Black "Sladek, Tibor"]
[Result "1-0"]
[WhiteElo "1703"]
[BlackElo "1444"]
[PlyCount "65"]
[EventDate "2008.??.??"]

1. e4 e5 2. Nf3 Nc6 3. Bb5 Nd4 4. Nxd4 exd4 5. O-O a6 6. Ba4 Nf6 7. c3 Bc5 8.
d3 h6 9. e5 Nd5 10. Bb3 c6 11. Qf3 O-O 12. Bxd5 cxd5 13. Qxd5 Qb6 14. c4 Qc6
15. Qxc6 dxc6 16. f4 Bf5 17. Rf3 Rae8 18. Nd2 Re6 19. Nb3 b6 20. Bd2 h5 21. a3
h4 22. Bb4 Bg4 23. Bxc5 bxc5 24. Rf2 Rb8 25. Nxc5 Ree8 26. Nxa6 Rb6 27. Nc5
Rbb8 28. b4 Ra8 29. Rb2 Re7 30. a4 g5 31. Ne4 gxf4 32. Nf6+ Kf8 33. Nxg4 1-0

[Event "SR 4. liga A21 2008/2009"]
[Site "?"]
[Date "2008.10.26"]
[Round "2.2"]
[White "Dedacek, Miroslav"]
[Black "Krchnak, Rudolf"]
[Result "0-1"]
[WhiteElo "1620"]
[BlackElo "1930"]
[PlyCount "68"]
[EventDate "2008.??.??"]

1. e4 d6 2. d4 Nf6 3. Nc3 c6 4. Bd3 e5 5. dxe5 dxe5 6. Nge2 Bd6 7. h3 Nbd7 8.
Be3 O-O 9. Ng3 Nc5 10. O-O Be6 11. b3 Qc7 12. Qe2 Rad8 13. Bc4 b5 14. Bxe6 Nxe6
15. a4 Nd4 16. Qd1 Bb4 17. Na2 Nxb3 18. Qb1 Nxa1 19. Nxb4 a5 20. Na6 Qc8 21.
axb5 Nxc2 22. Qxc2 cxb5 23. Qxc8 Rxc8 24. Nc5 a4 25. Nf5 Rc7 26. Rb1 g6 27. Nd6
Nd7 28. Nxb5 Rxc5 29. Bxc5 Nxc5 30. Nc3 a3 31. Rb5 Rc8 32. Ra5 Nb3 33. Rxa3
Rxc3 34. f3 Nd4 0-1

[Event "SR 4. liga A21 2008/2009"]
[Site "?"]
[Date "2008.10.26"]
[Round "2.2"]
[White "Kicinja, Jan"]
[Black "Blatnicky, Miroslav"]
[Result "1/2-1/2"]
[WhiteElo "1816"]
[BlackElo "2107"]
[PlyCount "90"]
[EventDate "2008.??.??"]

1. d4 e6 2. c4 d5 3. Nc3 Nf6 4. Bg5 Nbd7 5. cxd5 exd5 6. e3 c6 7. Nf3 Qa5 8.
Bxf6 Nxf6 9. Nd2 Bb4 10. Qc2 O-O 11. Bd3 Bg4 12. O-O a6 13. a3 Bd6 14. Be2 Bxe2
15. Nxe2 Rac8 16. b4 Qc7 17. h3 Rfe8 18. Nc3 Qe7 19. Rfe1 Bb8 20. e4 dxe4 21.
Ncxe4 Nxe4 22. Rxe4 Qd6 23. Nf3 Rxe4 24. Qxe4 Qd5 25. Re1 Qxe4 26. Rxe4 Kf8 27.
Kf1 f6 28. Ke2 Kf7 29. Kd3 Bd6 30. Nd2 Rd8 31. Nc4 Bb8 32. Nd2 h5 33. Nb3 Ba7
34. Nc5 Bxc5 35. bxc5 Rd5 36. Kc4 g6 37. f4 g5 38. g4 hxg4 39. hxg4 gxf4 40.
Rxf4 Ke6 41. Kb4 Rd7 42. Ka5 Rg7 43. Kb6 Rh7 44. a4 Rd7 45. a5 Rg7 1/2-1/2

[Event "SR 4. liga A21 2008/2009"]
[Site "?"]
[Date "2008.10.26"]
[Round "2.2"]
[White "Lanyi, Frantisek"]
[Black "Kurinec, Jozef"]
[Result "1/2-1/2"]
[WhiteElo "1743"]
[BlackElo "1748"]
[PlyCount "72"]
[EventDate "2008.??.??"]

1. e4 c5 2. Nf3 Nc6 3. d4 cxd4 4. Nxd4 Nf6 5. Nc3 e6 6. a3 d5 7. exd5 Nxd5 8.
Nxc6 bxc6 9. Bd2 Be7 10. Bd3 O-O 11. O-O Bf6 12. Qe1 Qc7 13. Rd1 Bb7 14. b3 a6
15. Ne4 Be7 16. a4 c5 17. f4 Nb4 18. Bxb4 cxb4 19. Qe2 g6 20. Kh1 Rfd8 21. Rc1
Bd5 22. Nd2 Bd6 23. Qe3 Bc5 24. Qe2 Bd6 25. Qe3 Bc5 26. Qe2 Qb7 27. Be4 Bxe4
28. Nxe4 Bd4 29. Nd2 Bc3 30. Nc4 Rd5 31. Rcd1 Rad8 32. Rxd5 Qxd5 33. h3 Qf5 34.
g4 Qd5+ 35. Qf3 Qc5 36. Kg2 Rd4 1/2-1/2

[Event "SR 4. liga A21 2008/2009"]
[Site "?"]
[Date "2008.10.26"]
[Round "2.2"]
[White "Selko, Jaroslav"]
[Black "Bjel, Tomas"]
[Result "0-1"]
[WhiteElo "1420"]
[BlackElo "1623"]
[PlyCount "52"]
[EventDate "2008.??.??"]

1. d4 d5 2. c3 Nc6 3. h3 e5 4. Nf3 e4 5. Nh2 Bd6 6. e3 a6 7. Be2 Qg5 8. Bg4 f5
9. f4 Qh4+ 10. Kf1 fxg4 11. Nxg4 Bxg4 12. Qxg4 Qxg4 13. hxg4 O-O-O 14. g3 Nh6
15. g5 Nf5 16. Kf2 Rdf8 17. b3 h6 18. gxh6 Nxh6 19. Kg2 Ng4 20. Ba3 Rxh1 21.
Kxh1 Rh8+ 22. Kg2 Nxe3+ 23. Kf2 Nc2 24. Bb2 Nxa1 25. Bxa1 Rh1 26. Nd2 Rxa1 0-1

[Event "SR 4. liga A21 2008/2009"]
[Site "?"]
[Date "2008.10.26"]
[Round "2.3"]
[White "Harasta, Juraj"]
[Black "Kupkovic, Miroslav"]
[Result "0-1"]
[WhiteElo "1628"]
[BlackElo "1690"]
[PlyCount "82"]
[EventDate "2008.??.??"]

1. e4 e6 2. d4 d5 3. e5 c5 4. Nd2 cxd4 5. Ndf3 Bb4+ 6. Bd2 Qa5 7. Ne2 Bxd2+ 8.
Qxd2 Qxd2+ 9. Nxd2 Nc6 10. Nf3 Nge7 11. Nexd4 Nxd4 12. Nxd4 Bd7 13. f4 Nc6 14.
Nb5 Ke7 15. c3 a6 16. Na3 b5 17. Nc2 Rhb8 18. a3 a5 19. Bd3 g6 20. O-O Kf8 21.
Rfc1 Ra7 22. Nd4 Nxd4 23. cxd4 Rbb7 24. Rc5 Rc7 25. Rac1 Rxc5 26. dxc5 Bc6 27.
Ra1 a4 28. Rb1 Rb7 29. b3 b4 30. bxa4 bxa3 31. a5 Rxb1+ 32. Bxb1 Bb5 33. Kf2
Bc4 34. Ke3 a2 35. Bxa2 Bxa2 36. a6 d4+ 37. Kxd4 Bd5 38. g3 Ke7 39. Kc3 Kd7 40.
Kb4 Kc6 41. h3 Bg2 0-1

[Event "SR 4. liga A21 2008/2009"]
[Site "?"]
[Date "2008.10.26"]
[Round "2.3"]
[White "Harasta, Marian"]
[Black "Piestansky, Jan"]
[Result "1-0"]
[WhiteElo "1648"]
[BlackElo "1597"]
[PlyCount "63"]
[EventDate "2008.??.??"]

1. d4 d5 2. c4 c6 3. Nf3 Bf5 4. e3 e6 5. Nc3 Nf6 6. Be2 Bd6 7. O-O Bc7 8. Re1
O-O 9. b4 a6 10. b5 axb5 11. cxb5 Ba5 12. Qb3 Ne4 13. Bb2 Nxc3 14. Bxc3 Bxc3
15. Qxc3 Qd6 16. a4 Nd7 17. Rec1 Rfc8 18. Nh4 Nb6 19. Nxf5 exf5 20. a5 cxb5 21.
axb6 Qd8 22. Rxa8 Rxa8 23. Qc7 b4 24. Qxd8+ Rxd8 25. Rb1 Rc8 26. Rxb4 Rc2 27.
Bf1 g6 28. Rb5 Rc6 29. g3 Kg7 30. Be2 Kf6 31. Bf3 Rd6 32. Bxd5 1-0

[Event "SR 4. liga A21 2008/2009"]
[Site "?"]
[Date "2008.10.26"]
[Round "2.3"]
[White "Pripko, Bystrik"]
[Black "Drabek, Martin"]
[Result "1-0"]
[WhiteElo "1560"]
[BlackElo "1481"]
[PlyCount "77"]
[EventDate "2008.??.??"]

1. e4 e5 2. Nf3 Nc6 3. Bc4 Nf6 4. Nc3 Bc5 5. d3 h6 6. a3 d6 7. h3 a6 8. O-O O-O
9. Be3 Nd4 10. Bd2 Be6 11. Ba2 Qe7 12. Nxd4 Bxd4 13. Be3 Bxc3 14. bxc3 Bxa2 15.
Rxa2 d5 16. exd5 Nxd5 17. Bd2 Qe6 18. c4 Nf6 19. a4 c6 20. a5 Rfe8 21. f3 Nh5
22. Qe1 Nf4 23. Rb2 Rab8 24. Qe4 f5 25. Qe1 Qg6 26. Bxf4 exf4 27. Qd2 Qf6 28.
c3 Qd6 29. d4 Re3 30. Re1 Rxe1+ 31. Qxe1 Qa3 32. Re2 Qxa5 33. Re5 Qa4 34. Rxf5
Qxc4 35. Rxf4 c5 36. Rg4 cxd4 37. Qe5 Qf7 38. Qxb8+ Kh7 39. cxd4 1-0

[Event "SR 4. liga A21 2008/2009"]
[Site "?"]
[Date "2008.10.26"]
[Round "2.3"]
[White "Slaby, Jozef"]
[Black "Vepy, Ivan"]
[Result "1-0"]
[WhiteElo "1930"]
[BlackElo "1941"]
[PlyCount "67"]
[EventDate "2008.??.??"]

1. d4 Nf6 2. c4 e6 3. Nf3 Be7 4. Nc3 d5 5. e3 O-O 6. Bd3 dxc4 7. Bxc4 b6 8. O-O
Bb7 9. Qe2 Nc6 10. Rd1 Na5 11. Ba6 Qc8 12. Bxb7 Nxb7 13. b3 c5 14. Bb2 cxd4 15.
Nxd4 Nc5 16. Rac1 e5 17. Nf3 e4 18. Nd4 Nd3 19. Rb1 Bb4 20. Nxe4 Nxe4 21. Qxd3
Re8 22. Rbc1 Qb7 23. Nf5 Bf8 24. Qd4 Nf6 25. h3 Re6 26. Qf4 Rc8 27. Rxc8 Qxc8
28. Rc1 Qa6 29. Nd4 Re4 30. Qf5 Qxa2 31. Ba1 Qd2 32. Rf1 Qd3 33. Nc6 Nd5 34.
Ne5 1-0

[Event "SR 4. liga A21 2008/2009"]
[Site "?"]
[Date "2008.10.26"]
[Round "2.3"]
[White "Vagovic, Milan"]
[Black "Harastova, Viera"]
[Result "0-1"]
[WhiteElo "1667"]
[BlackElo "1658"]
[PlyCount "110"]
[EventDate "2008.??.??"]

1. d4 d5 2. c4 e6 3. Nc3 Nf6 4. Nf3 Nbd7 5. Bf4 Bb4 6. a3 Bxc3+ 7. bxc3 O-O 8.
e3 Ne4 9. Qc2 Ndf6 10. Bd3 h6 11. Ne5 g5 12. f3 gxf4 13. fxe4 dxe4 14. Bxe4
fxe3 15. O-O Nxe4 16. Qxe4 f5 17. Qxe3 Qg5 18. Qe2 Kh7 19. Rf3 Rg8 20. c5 Qh5
21. Qe3 Qg5 22. Qf2 Rg7 23. Re1 b6 24. c6 Ba6 25. Nd7 Rag8 26. Rg3 Qe7 27.
Rxg7+ Rxg7 28. Qe3 Bc4 29. Ne5 Bd5 30. g3 Qxa3 31. c4 Qxe3+ 32. Rxe3 Be4 33.
Nd7 Bxc6 34. Ne5 Be4 35. Kf2 a5 36. Nf3 Rd7 37. c5 Kg7 38. cxb6 cxb6 39. Rb3
Bxf3 40. Kxf3 Rd6 41. Ke3 Kf6 42. Rb5 Kg5 43. h3 h5 44. Re5 a4 45. Kd3 h4 46.
g4 Kf4 47. gxf5 exf5 48. Kc4 a3 49. Re2 Kf3 50. Ra2 f4 51. Rxa3+ Kg2 52. Kd3 f3
53. Ke3 f2 54. Ra2 Re6+ 55. Kf4 Kg1 0-1

[Event "SR 4. liga A21 2008/2009"]
[Site "?"]
[Date "2008.10.26"]
[Round "2.4"]
[White "Gono, Michal"]
[Black "Curidlo, Jan"]
[Result "1/2-1/2"]
[WhiteElo "1854"]
[BlackElo "1979"]
[PlyCount "72"]
[EventDate "2008.??.??"]

1. d4 d5 2. c4 c6 3. Nc3 Nf6 4. cxd5 Nxd5 5. Nf3 e6 6. e4 Nf6 7. Bg5 Be7 8. Be2
O-O 9. O-O Nbd7 10. Rc1 h6 11. Bxf6 Nxf6 12. Qb3 a5 13. Rfd1 Nd7 14. h3 Rb8 15.
d5 cxd5 16. exd5 Nc5 17. Qc2 Qb6 18. Ne5 Bg5 19. Nc4 Qa6 20. Rb1 b5 21. Nxa5
Qxa5 22. b4 Qa3 23. bxc5 Qxc5 24. Rxb5 Rxb5 25. Bxb5 Bf6 26. Rd3 exd5 27. Qb3
Be6 28. Nxd5 Kh8 29. Qb4 Qc1+ 30. Kh2 Be5+ 31. f4 Rd8 32. fxe5 Rxd5 33. Rxd5
Bxd5 34. a4 Qe3 35. Qb2 Qf4+ 36. Kg1 Qe3+ 1/2-1/2

[Event "SR 4. liga A21 2008/2009"]
[Site "?"]
[Date "2008.10.26"]
[Round "2.4"]
[White "Manak, Adrian"]
[Black "Matejovic, Ludovit"]
[Result "1-0"]
[WhiteElo "1637"]
[BlackElo "1592"]
[PlyCount "41"]
[EventDate "2008.??.??"]

1. e4 e5 2. d4 exd4 3. c3 dxc3 4. Bc4 Bc5 5. Bxf7+ Kxf7 6. Qd5+ Ke8 7. Qh5+ g6
8. Qe5+ Qe7 9. Qxh8 Qxe4+ 10. Ne2 Qe6 11. Nbxc3 Qf7 12. O-O Nc6 13. Ne4 Be7 14.
Ng5 Bxg5 15. Bxg5 d6 16. Nc3 Be6 17. Ne4 h5 18. Rfe1 Ne5 19. f4 Nd3 20. Re3
Nxb2 21. Qxb2 1-0

[Event "SR 4. liga A21 2008/2009"]
[Site "?"]
[Date "2008.10.26"]
[Round "2.4"]
[White "Nemsak, Denis"]
[Black "Siska, Michal"]
[Result "1-0"]
[WhiteElo "1476"]
[BlackElo "1628"]
[PlyCount "41"]
[EventDate "2008.??.??"]

1. d4 d5 2. e3 e6 3. c4 c6 4. Nc3 Nf6 5. Bd3 a6 6. a4 Bb4 7. Bd2 a5 8. Nf3 Na6
9. Rc1 b6 10. cxd5 exd5 11. Ne5 Bb7 12. O-O Nd7 13. f4 Nxe5 14. fxe5 Qe7 15. e4
dxe4 16. Nxe4 O-O 17. Nf6+ Kh8 18. Qh5 h6 19. Bxh6 g6 20. Bg7+ Kxg7 21. Qh7#
1-0

[Event "SR 4. liga A21 2008/2009"]
[Site "?"]
[Date "2008.10.26"]
[Round "2.4"]
[White "Sedlak, Rastislav"]
[Black "Nedorost, Lubomir"]
[Result "0-1"]
[WhiteElo "1590"]
[BlackElo "1588"]
[PlyCount "70"]
[EventDate "2008.??.??"]

1. e4 c5 2. Nf3 Nc6 3. d4 cxd4 4. Nxd4 Nf6 5. Nc3 g6 6. Nxc6 bxc6 7. Bd3 d6 8.
Bg5 Ng4 9. h3 Ne5 10. O-O Qa5 11. Bd2 Qb6 12. Na4 Qd4 13. Nc3 Qb6 14. Rb1 Bg7
15. Be3 Qc7 16. Be2 Be6 17. Bd4 O-O 18. a3 c5 19. Bxe5 Bxe5 20. Nd5 Qd7 21. Bg4
f5 22. exf5 Bxf5 23. Bxf5 Rxf5 24. g4 Rf7 25. c3 e6 26. Ne3 Raf8 27. Nc4 Bf4
28. Qd3 d5 29. Ne3 Bc7 30. Qa6 Rf3 31. Kg2 Qf7 32. Nd1 Kg7 33. Qxa7 Qf4 34. Rh1
Rxf2+ 35. Kg1 Qg3# 0-1

[Event "SR 4. liga A21 2008/2009"]
[Site "?"]
[Date "2008.10.26"]
[Round "2.4"]
[White "Strapko, Tomas"]
[Black "Gubis, Vladimir"]
[Result "0-1"]
[WhiteElo "1436"]
[BlackElo "1755"]
[PlyCount "120"]
[EventDate "2008.??.??"]

1. e4 c5 2. Nf3 d6 3. Bc4 e6 4. Nc3 Nd7 5. a3 Ngf6 6. d3 a6 7. Ne2 Qc7 8. Bf4
Ne5 9. Nxe5 dxe5 10. Bd2 Bd6 11. c3 b5 12. Ba2 Bd7 13. Qc2 O-O 14. O-O Bc6 15.
Ng3 h6 16. Rfe1 Kh7 17. h3 Rae8 18. Be3 Kh8 19. Rf1 Ng8 20. Qd2 f5 21. exf5
exf5 22. f4 e4 23. Bxg8 Kxg8 24. dxe4 fxe4 25. Rad1 Rd8 26. Qc1 Be7 27. Rxd8
Qxd8 28. Qd2 Qxd2 29. Bxd2 Bh4 30. Ne2 Rd8 31. Be3 Be7 32. Kf2 Rd3 33. Nc1 Rd5
34. Ne2 Kf7 35. Nc1 a5 36. Nb3 a4 37. Nd2 Rd3 38. Ke2 c4 39. Rd1 Bh4 40. Nf1
Be7 41. Ng3 Kg6 42. Nf1 h5 43. g4 h4 44. Nh2 Bd7 45. Nf1 Kf7 46. Nd2 Bc6 47.
Nf1 Ke6 48. Nh2 Bd5 49. g5 Bd6 50. Ng4 Kf5 51. Rf1 Bf7 52. Rg1 Bh5 53. Rf1
Bxg4+ 54. hxg4+ Kxg4 55. Rg1+ Kf5 56. Rf1 h3 57. Rf2 Rxe3+ 58. Kxe3 Bc5+ 59.
Ke2 Bxf2 60. Kxf2 Kxf4 0-1

[Event "SR 4. liga A21 2008/2009"]
[Site "?"]
[Date "2008.10.26"]
[Round "2.5"]
[White "Havlicek, Peter"]
[Black "Kubik, Peter"]
[Result "1/2-1/2"]
[WhiteElo "1684"]
[BlackElo "1491"]
[PlyCount "139"]
[EventDate "2008.??.??"]

1. e4 e5 2. Ne2 Nf6 3. Nbc3 d5 4. exd5 Nxd5 5. d3 Bb4 6. Bd2 Nc6 7. Nxd5 Qxd5
8. Nc3 Qd6 9. Be2 Nd4 10. Ne4 Bxd2+ 11. Qxd2 Qg6 12. O-O Bh3 13. Ng3 Bd7 14.
Bh5 Qf6 15. c3 Ne6 16. Rae1 O-O-O 17. Qe3 Kb8 18. Qxe5 Qxe5 19. Rxe5 g6 20. Bd1
f6 21. Re3 f5 22. Re5 h5 23. Rfe1 Nf4 24. Bc2 Bc6 25. f3 Nxd3 26. Bxd3 Rxd3 27.
Re6 h4 28. Nf1 Rg8 29. h3 g5 30. Ne3 g4 31. fxg4 fxg4 32. Nxg4 a6 33. R6e3 Rd2
34. R3e2 Rgd8 35. Ne5 Bb5 36. c4 Rxe2 37. Rxe2 Be8 38. Nf3 Bh5 39. Rd2 Rh8 40.
Rd4 Rg8 41. Kf2 Rf8 42. Rxh4 Be8 43. Rd4 Bc6 44. h4 Kc8 45. h5 Be8 46. Kg3 Bxh5
47. Rf4 Rg8+ 48. Kh3 Be8 49. g4 Bd7 50. Ne5 Be6 51. b4 b5 52. cxb5 axb5 53. a3
Re8 54. Nd3 Bd5 55. Nc5 c6 56. a4 bxa4 57. Nxa4 Kb7 58. Nc5+ Kb6 59. g5 Kb5 60.
Kg4 Re1 61. Kf5 Rb1 62. Nd3 Bc4 63. Rd4 Rb3 64. Ne5 Bd5 65. g6 Rxb4 66. Rxb4+
Kxb4 67. g7 Bg8 68. Nxc6+ Kc5 69. Ne7 Ba2 70. Kf6 1/2-1/2

[Event "SR 4. liga A21 2008/2009"]
[Site "?"]
[Date "2008.10.26"]
[Round "2.5"]
[White "Hrubsa, Marian"]
[Black "Fidericky, Milan"]
[Result "1-0"]
[WhiteElo "1909"]
[BlackElo "1866"]
[PlyCount "77"]
[EventDate "2008.??.??"]

1. e4 e5 2. Nf3 Nf6 3. Nxe5 d6 4. Nf3 Nxe4 5. d4 d5 6. Bd3 Bb4+ 7. c3 Be7 8.
O-O O-O 9. Qc2 Bf5 10. Be3 Nd7 11. Nbd2 Ndf6 12. Ne5 Nxd2 13. Bxd2 Bxd3 14.
Qxd3 Ne4 15. Be3 Bf6 16. f3 Nd6 17. b3 Re8 18. f4 Ne4 19. Rf3 Bxe5 20. fxe5 Qd7
21. Raf1 Re7 22. Rh3 Re6 23. Rf5 Rg6 24. Rhf3 Rf8 25. Bc1 f6 26. Qf1 Re8 27.
Rh3 fxe5 28. dxe5 Qe7 29. Rhf3 Qd8 30. Be3 Rge6 31. Rf7 Rxe5 32. Bd4 Rg5 33.
Bxg7 Rxg7 34. Rxg7+ Kxg7 35. Rf7+ Kg8 36. Qf5 Ng5 37. Rd7 Nf3+ 38. gxf3 Re1+
39. Kg2 1-0

[Event "SR 4. liga A21 2008/2009"]
[Site "?"]
[Date "2008.10.26"]
[Round "2.5"]
[White "Kubis, Ivan"]
[Black "Sebesta, Radovan"]
[Result "1/2-1/2"]
[WhiteElo "2042"]
[BlackElo "2091"]
[PlyCount "25"]
[EventDate "2008.??.??"]

1. e4 c5 2. Nf3 Nc6 3. d4 cxd4 4. Nxd4 g6 5. c4 Bg7 6. Be3 Nf6 7. Nc3 d6 8. Be2
O-O 9. O-O Bd7 10. Rc1 Nxd4 11. Bxd4 Bc6 12. f3 a5 13. b3 1/2-1/2

[Event "SR 4. liga A21 2008/2009"]
[Site "?"]
[Date "2008.10.26"]
[Round "2.5"]
[White "Palka, Miroslav"]
[Black "Vach, Jozef"]
[Result "1-0"]
[WhiteElo "1964"]
[BlackElo "1917"]
[PlyCount "63"]
[EventDate "2008.??.??"]

1. c4 c5 2. Nc3 Nc6 3. g3 g6 4. Bg2 Bg7 5. e3 e6 6. Nf3 Nf6 7. O-O O-O 8. d4
cxd4 9. exd4 d5 10. c5 a6 11. Bf4 Nd7 12. Re1 Re8 13. Qd2 Nxd4 14. Nxd4 e5 15.
Bg5 f6 16. Bxd5+ Kf8 17. Ne6+ Rxe6 18. Bxe6 fxg5 19. Rad1 Ke8 20. Ne4 Qc7 21.
Qxg5 Kf8 22. Qg4 Nf6 23. Nxf6 Bxf6 24. Bxc8 Rxc8 25. Qe6 Be7 26. Rd7 Qxc5 27.
Qxe5 Qxe5 28. Rxe5 Bf6 29. Red5 Bxb2 30. Rxb7 Bf6 31. Rdd7 Kg8 32. Rb6 1-0

[Event "SR 4. liga A21 2008/2009"]
[Site "?"]
[Date "2008.10.26"]
[Round "2.6"]
[White "Danada, Ondrej"]
[Black "Palka, Martin"]
[Result "1-0"]
[WhiteElo "1891"]
[BlackElo "1931"]
[PlyCount "49"]
[EventDate "2008.??.??"]

1. e4 d6 2. d4 Nf6 3. Nc3 Nbd7 4. Be3 e5 5. Nf3 c6 6. Bc4 h6 7. O-O Ng4 8. h3
Nxe3 9. fxe3 Qe7 10. Qe1 Nf6 11. Qg3 b5 12. Bb3 b4 13. dxe5 bxc3 14. exf6 gxf6
15. bxc3 Qxe4 16. Nd4 Be7 17. Qf4 Qxf4 18. Rxf4 Bd7 19. Ba4 c5 20. Nc6 f5 21.
Nxe7 Kxe7 22. Bxd7 Kxd7 23. Rxf5 Rh7 24. Rd1 Ke6 25. Rfd5 1-0

[Event "SR 4. liga A21 2008/2009"]
[Site "?"]
[Date "2008.10.26"]
[Round "2.6"]
[White "Danada, Tomas"]
[Black "Turza, Marian"]
[Result "1-0"]
[WhiteElo "1508"]
[BlackElo "1350"]
[PlyCount "71"]
[EventDate "2008.??.??"]

1. e4 c5 2. Nf3 d6 3. d4 cxd4 4. Nxd4 Nf6 5. Nc3 e6 6. Bg5 Be7 7. f4 a6 8. Qf3
O-O 9. O-O-O Nc6 10. g4 Nxd4 11. Rxd4 Qc7 12. Rd2 b5 13. h4 Bb7 14. h5 b4 15.
Bxf6 Bxf6 16. Nd1 a5 17. g5 Be7 18. g6 a4 19. gxh7+ Kh8 20. Rg2 f5 21. Qg3 Bf6
22. Bd3 fxe4 23. Be2 b3 24. axb3 axb3 25. c3 Ra1+ 26. Kd2 e3+ 27. Kxe3 Bxg2 28.
Qxg2 Qc5+ 29. Kd2 Qf5 30. Qf3 e5 31. Bd3 Qxf4+ 32. Qxf4 Bg5 33. Ne3 Bxf4 34.
Rxa1 g6 35. hxg6 Kg7 36. Ra7+ 1-0

[Event "SR 4. liga A21 2008/2009"]
[Site "?"]
[Date "2008.10.26"]
[Round "2.6"]
[White "Tokos, Rastislav"]
[Black "Jozefek, Michal"]
[Result "1/2-1/2"]
[WhiteElo "1931"]
[BlackElo "1896"]
[PlyCount "45"]
[EventDate "2008.??.??"]

1. e4 c5 2. Nf3 d6 3. d4 cxd4 4. Nxd4 Nf6 5. Nc3 a6 6. Be2 e5 7. Nb3 Be6 8. Be3
Be7 9. O-O O-O 10. f4 b5 11. Bf3 Bc8 12. Nd5 Nbd7 13. Nxe7+ Qxe7 14. Qd3 Nc5
15. Nxc5 dxc5 16. Rad1 Bb7 17. Qd6 Qxd6 18. Rxd6 exf4 19. Bxc5 Rfc8 20. b4 Nxe4
21. Bxe4 Bxe4 22. Rxf4 Bxc2 23. Rfd4 1/2-1/2

[Event "SR 4. liga A21 2008/2009"]
[Site "?"]
[Date "2008.11.09"]
[Round "3.1"]
[White "Barcaj, Jaroslav"]
[Black "Nemeckay, Rastislav"]
[Result "1/2-1/2"]
[WhiteElo "1605"]
[BlackElo "1749"]
[PlyCount "52"]
[EventDate "2008.??.??"]

1. e4 e5 2. Nf3 Nf6 3. Nxe5 d6 4. Nf3 Nxe4 5. d4 d5 6. Be2 Bd6 7. O-O O-O 8.
Be3 Bg4 9. Nbd2 f5 10. Nxe4 fxe4 11. Ng5 Bxe2 12. Qxe2 Qe8 13. Qg4 Rf6 14. f3
exf3 15. Rxf3 Rxf3 16. Qxf3 c6 17. Rf1 Nd7 18. Qf7+ Qxf7 19. Rxf7 Nf6 20. Rxb7
Ng4 21. Bf2 Bxh2+ 22. Kf1 Rf8 23. Nf3 Bb8 24. Ke2 Re8+ 25. Kf1 Rf8 26. Ke2 Re8+
1/2-1/2